00306nam a22001457a 450000500170000002000180001704100120003508200160004710000200006324500270008325000070011026000240011730000080014136500110014920260618095612.0 a9788198547804 aEnglish aT10 R25 JEE aJeevabharathy K aSarithiram Pesugiradhu a01 aChennaibNCBHc2025 a140 b130.00